000 00762nas a2200253 4500
001 BR2015000983
003 BR-BrBNA
005 20231205125028.0
007 ta
008 230509b bl.|||p| |||| 00| 00por d
040 _aBR-BrBNA
_bpor
_cBiblioteca Nacional de Agricultura
041 _a(Pt)
072 _aQ03
100 1 _aSimonelli, M. de F.
100 1 _aSouza, S.M. de
245 1 _aImportância da qualidade e segurança no setor de alimentos
650 _aHIGIENE DE ALIMENTO
650 _aSEGURANÇA ALIMENTAR
650 _aSAÚDE
650 _aCONSUMIDOR
773 0 _tHigiene Alimentar (Brazil)
_xISSN 0101-9171
_g(Mar-Apr 2014), v. 28(230-231) p. 22-26
_wBR2015000983
909 _a202311
_bLúcia
_c55
_dLúcia Elande
942 _2AGRIS
_n0
_cANA
999 _c242216
_d242216